000 00701nam a2200265Ia 4500
003 OSt
005 20221006150624.0
006 a|||||r|||| 00| 0
007 ta
008 221006b |||||||| |||| 00| 0 jpn d
020 _c¥3000
024 _a19,273
037 _bGift, Japan Foundation
_cTextual
040 _aEASL
_cEASL
_bjpn
041 _2jpn
_ajpn
082 _aV42.M68, M2
100 _aTORIUMI Tasusha
_9657174
245 0 _aMeiji o tsukutta otokotachi
260 _aTokyo
_bPHP Japan
_c1982
300 _a234p.
_ccm.
490 _v JL
650 _aJL
942 _hV42.M68, M2
_cTEXL
_2CC
999 _c1087359
_d1087359